| 000 | 01764nam a2200397 a 4500 | ||
|---|---|---|---|
| 001 | |||
| 003 | DO-SdBNP | ||
| 005 | 20220225122013.0 | ||
| 008 | 140319s2013 dr 000 0 spa d | ||
| 020 | _a9789945412918 | ||
| 040 |
_aBPMSU _bspa _c BPMSU |
||
| 049 | _a | ||
| 082 |
_aRD864.508 _bD542f 2013 _222 |
||
| 092 |
_a _b |
||
| 100 | 1 | _aDíaz, Ramón Leonardo | |
| 245 | 1 | 3 |
_aLa filosofía y los espacios de libertad : _by otros ensayos / _cRamón Leonardo Díaz, Pauline Kulstad González, Juan de la Cruz. |
| 260 |
_aSanto Domingo : _bFUNGLODE, _c2013. |
||
| 300 |
_a227 p. ; _c23 cm. |
||
| 490 | 0 | _aPremio FUNGLODE de Ensayo Pedro Francisco Bonó | |
| 500 | _aIncluye referencias bibliográficas y notas al pie de las páginas | ||
| 504 | _a | ||
| 504 | _aBibliografía p: 223-227 | ||
| 505 | 0 |
_tLa filosofía y los espacios de libertad / _rRamón Leonardo Díaz -- _tInteracción y organización social en el período colonial temprano: el caso de Concepción de la Vega (1495-1564) / _rPauline Kulstad González -- _tLa filosofía política y jurídica de Juan Pablo Duarte / _rJuan de la Cruz. |
|
| 586 | _aPremios FUNGLODE/GFDD de Ensayo Pedro Francisco Bonó 2012. | ||
| 590 | _6Inventariado, 2021/VM | ||
| 600 | 1 | 4 |
_aDuarte y Diez, Juan Pablo _d1813-1876 _xPensamiento político |
| 650 | 4 | _aEnsayos dominicanos | |
| 650 | 4 |
_aFilosofía dominicana _xEnsayos, conferencias, etc. |
|
| 650 | 4 | _aLiteratura dominicana | |
| 651 | 4 |
_aLa Vega (República Dominicana) _xHistoria _yGobierno colonial español 1503-1795 |
|
| 700 | 1 | 2 |
_aKulstad González, Pauline, _d1971- |
| 700 | 1 | 2 |
_aCruz, Juan de la, _d1963- |
| 710 | 1 | 2 | _aFundación Global Democracia y Desarrollo (República Dominicana) |
| 910 | _aVMateo V. | ||
| 942 |
_2ddc _cBK |
||
| 999 |
_c13570 _d13570 |
||